Traffic Signs - Statistics

General Stats
  • This quiz has been taken 366 times
  • The average score is 7 of 20
Answer Stats
Picture Answer % Correct
Roundabout
71%
No Entry
66%
No Right Turn
61%
Yield
61%
Tunnel
60%
Falling Rocks
48%
No Stopping
47%
Pedestrian Crossing
44%
Two-Way Traffic
36%
Emergency Phone
33%
Road Narrows
33%
Motorway
31%
Pool/Beach
28%
Minimum Speed
24%
No Bicycles
24%
Drawbridge
23%
Left Curve
22%
End of Speed Limit
16%
Maximum Width
13%
Mandatory Stop
7%
No matching quizzes found
Score Distribution
Percent of People with Each Score
Percentile by Number Answered
Your Score History
You have not taken this quiz